| 000 | 00355nam a2200133Ia 4500 | ||
|---|---|---|---|
| 005 | 20251222141951.0 | ||
| 008 | 251222s9999||||xx |||||||||||||| ||spa|| | ||
| 020 | _a900-850-099-8 | ||
| 082 | _a372.7/R47 | ||
| 100 | _aRey, María Esther | ||
| 245 | 0 | _aDidáctica de la Matemática, Primer Ciclo: | |
| 264 | _bMagisterio del Río de la Plata | ||
| 942 | _cLIB | ||
| 999 |
_c9691 _d9691 |
||